Dyeing of synthetic fibers recent developments (Record no. 188599)

MARC details
000 -LEADER
fixed length control field 00387nam a2200145Ia 4500
008 - FIXED-LENGTH DATA ELEMENTS--GENERAL INFORMATION
fixed length control field 230917s9999||||xx |||||||||||||| ||und||
040 ## - CATALOGING SOURCE
-- 301
Original cataloging agency VIVEKANANDA LIBRARY
041 ## - Language
-- English
082 ## - DDC NUMBER
Classification number 667.347 J633D
100 ## - MAIN ENTRY--PERSONAL NAME
Personal name Johnson, Keith
245 #0 - TITLE STATEMENT
Title Dyeing of synthetic fibers recent developments
260 ## - PUBLICATION, DISTRIBUTION, ETC. (IMPRINT)
Place of publication, distribution, etc New Jersey
Name of publisher, distributor, etc Noyes Data Corporation
Date of publication, distribution, etc 1974
300 ## - PHYSICAL DESCRIPTION
Pages xi, 332 p.
942 ## - ADDED ENTRY ELEMENTS (KOHA)
Koha item type Books
Holdings
Withdrawn status Lost status Damaged status Not for loan Location (home branch) Sublocation or collection (holding branch) Date acquired Koha issues (times borrowed) Koha full call number Accession No. Koha date last seen Koha item type
        VIVEKANANDA LIBRARY VIVEKANANDA LIBRARY 08/08/2002   667.347 J633D 44898 17/09/2023 Books
© Designed and Maintained by Vivekananda Library, MDU Rohtak